000
00270nam a2200121 a 4500
001
4140
005
20140414132041.0
008
090218s19uu xx 00 eng d
050
_a
BB
_b
P94 2006
100
_a
Jay, Cee
245
_a
The Proud lilac lily.
999
_c
113860
_d
113860